Octavio Paz lee Travesías : tres lecturas : antología del autor /

Uloženo v:
Podrobná bibliografie
Hlavní autor: Paz, Octavio (autor)
Médium: Zvuková nahrávka
Jazyk:španělština
Vydáno: Barcelona, España : Galaxia Gutenberg : Círculo de Lectores, 1996, c1996
Edice:(Biblioteca Sonora de la Literatura. Escritores en su Voz)
Témata:
Tagy: Přidat tag
Žádné tagy, Buďte první, kdo vytvoří štítek k tomuto záznamu!

MARC

LEADER 00000nim^a2200000^a^4500
001 000161051
005 20250521000000.0
009 20260310100744.966
037 |a Acervo ITESO - Biblioteca 
041 |a SON 
041 |a ESP 
082 |a 861.  |b PAZ 
100 |a Paz, Octavio  |e (autor) 
245 1 0 |a Octavio Paz lee Travesías :  |b tres lecturas : antología del autor /  |c O. Paz. 
264 4 |a Barcelona, España :  |b Galaxia Gutenberg :  |b Círculo de Lectores,  |c 1996, c1996 
300 |a 3 discos compactos sonoros (CDs disponibles) +  |e 1 libro (154 p.) 
300 |a 1 audiolibro 
336 |a palabra hablada  |b spw  |2 rdacontenido 
337 |a audio  |b s  |2 rdamedio 
338 |a disco sonoro  |b sd  |2 rdasoporte 
440 1 |a (Biblioteca Sonora de la Literatura.  |p Escritores en su Voz) 
545 0 |a Octavio Paz [Lozano] (1914-1998) poeta y ensayista mexicano, es una de las figuras intelectuales de mayor prestigio en la literatura hispanoamericana del siglo XX. Premio Cervantes en 1981, Premio Nobel de Literatura en 1990, entre los muchos que obtuvo. Obra poética: Libertad bajo palabra (1949 y 1960 como compilación de obra poética 1935-1958); Salamandra (1962); Ladera este (1969) y El mono gramático (1974), entre otras. En prosa: El laberinto de la soledad (1950); El arco y la lira (1956); Las peras del olmo (1957); Cuadrivio (1965); Corriente alterna (1967); Conjunciones y disyunciones (1969) y Sor Juana Inés de la Cruz o las trampas de la fe (1982) son muestra de su vasta creación literaria. 
649 |a XX 
650 |a Poesía Mexicana 
650 |a Literatura Mexicana -  |y Siglo XX 
740 0 |a Mi casa, mi gente, mi tierra /  |c O. Paz. 
740 0 |a Decir :  |b hacer /  |c O. Paz. 
740 0 |a Eros /  |c O. Paz. 
910 |a Fondo General 
920 |a Sonoros - CDs 
940 |a Literatura 
905 |a 403 
901 |a 0500093593  |b IT2  |c MIS  |u 20250521 
901 |a 0500093549  |b IT2  |c CDS  |u 20250521 
901 |a 0500093552  |b IT2  |c CDS  |u 20250521 
901 |a 0500093555  |b IT2  |c CDS  |u 20250521 
902 |a https://opac.biblio.iteso.mx/vufind/Record/000161051